000 00406nam a22001337a 4500
005 20260318160457.0
008 260318b |||||||| |||| 00| 0 eng d
040 _cFLL
041 _2eng
_aeng
100 _aKumar, Vikas
_9856868
245 _aJudicial Appointments the way Forward to Bringing Clarity, Certainty and Quick Delivery of Justice
260 _aDU
_bFaculty of Law
_c2023
942 _2CC
_cDIS
999 _c1715711
_d1715711